Analýza cestovného ruchu na Slovensku v roku 2013 s využitím viacrozmerných štatistických metód v softvéri SAS bakalárska práca

Saved in:
Bibliographic Details
Main Author: Gašparíková, Andrea
Corporate Author: Fakulta hospodárskej informatiky EU. Katedra štatistiky
Other Authors: Dúžik, Ondrej, 1989-
Format: Book
Language:Slovak
Published: Bratislava 2015
Tags: Add Tag
No Tags, Be the first to tag this record!

MARC

LEADER 00000nbm a2200000 4500
001 0204128
005 20161212113818.5
041 0 |a slo 
044 |a SK 
245 1 0 |a Analýza cestovného ruchu na Slovensku v roku 2013 s využitím viacrozmerných štatistických metód v softvéri SAS  |b bakalárska práca  |c Andrea Danišová ; školiteľ: Ondrej Dúžik 
264 1 |a Bratislava  |c 2015 
300 |a 33 s. 
100 1 |a Gašparíková, Andrea 
700 1 |a Dúžik, Ondrej, 1989- 
710 2 |a Fakulta hospodárskej informatiky EU. Katedra štatistiky